000 00240nam a22000977a 4500
082 _aP-414
245 _aCriteria for Accrediting Engineering Programmes
260 _aBaltimore, MD 21202
_bAbet
526 _a0
_b0
_c0
_dP_414
942 _2ddc
_cBK
999 _c551146
_d551146